Introducción a la filosofía analítica

Uloženo v:
Podrobná bibliografie
Hlavní autor: Tugendhat, Ernst (Autor)
Médium: Kniha
Jazyk:španělština
Vydáno: Barcelona Gedisa 2003
Vydání:1a. ed
Edice:Serie Cla-de-ma, Filosofía
Témata:
Tagy: Přidat tag
Žádné tagy, Buďte první, kdo vytvoří štítek k tomuto záznamu!

MARC

LEADER 00000nam a2200000 a 4500
001 UCL7248
003 CL-VaPUC
008 040514e20030000SP |||||||||||||||||spa|d
020 |a 8474329043 
082 0 4 |a 401  |b TUG  |2 21 
100 0 |a Tugendhat, Ernst  |e author  |9 485110 
245 1 0 |a Introducción a la filosofía analítica 
250 |a 1a. ed 
300 |a 142 p 
942 |c BK 
945 |d 20040514 00:00:00  |a cmena 
260 |a Barcelona  |b Gedisa  |c 2003 
650 0 |a Filosofía del lenguaje  |9 257082 
650 0 |a Ontología   |9 256850 
650 0 |a Semántica  |9 265318 
650 0 |a Análisis del discurso  |9 256696 
583 |a last modification  |c 20040514 00:00:00  |k Rodrigo Vera 
490 0 |a Serie Cla-de-ma, Filosofía 
999 |c 309096  |d 309094 
952 |0 0  |1 0  |4 0  |6 401_000000000000000_TUG_2003  |7 0  |8 A  |9 376379  |a BIBEDU  |b BIBEDU  |d 2019-11-21  |i 4013271  |o 401 TUG 2003  |p 4013271  |r 2019-11-21  |w 2019-11-21  |y BK  |k FIL 
952 |0 0  |1 0  |4 0  |6 401_000000000000000_TUG_2003  |7 0  |8 A  |9 376380  |a BIBEDU  |b BIBEDU  |d 2019-11-21  |i 4032837  |o 401 TUG 2003  |p 4032837  |r 2019-11-21  |w 2019-11-21  |y BK  |k FIL